Family Law in Islam Theory and Application / (Record no. 594527)

000 -LEADER
fixed length control field 00375nam a22001337a 4500
020 ## - INTERNATIONAL STANDARD BOOK NUMBER
International Standard Book Number 9789694488042
082 ## - DEWEY DECIMAL CLASSIFICATION NUMBER
Classification number 340.59
Author Mark MAN
100 ## - MAIN ENTRY--PERSONAL NAME
Personal name Mansoori, Muhammad Tahir
245 ## - TITLE STATEMENT
Title Family Law in Islam Theory and Application /
Statement of responsibility, etc. Muhammad Tahir Mansoori
260 ## - PUBLICATION, DISTRIBUTION, ETC.
Place of publication, distribution, etc. Islamabad :
Name of publisher, distributor, etc. IPS Press,
Date of publication, distribution, etc. 2022.
300 ## - PHYSICAL DESCRIPTION
Extent 264 p. ;
Dimensions 22 cm.
563 ## - BINDING INFORMATION
Binding note PBK.
942 ## - ADDED ENTRY ELEMENTS (KOHA)
Source of classification or shelving scheme
Koha item type Book
Holdings
Withdrawn status Lost status Source of classification or shelving scheme Damaged status Not for loan Permanent Location Current Location Shelving location Date acquired Source of acquisition Full call number Barcode Date last seen Price effective from Koha item type Materials specified (bound volume or other part) Public note Total Checkouts
          NUST Law School (NLS) NUST Law School (NLS) Law 04/17/2023 Golden Book 340.59 MAN CL-1477 04/17/2023 04/17/2023 Book      
          NUST Law School (NLS) NUST Law School (NLS) Law 04/17/2023 Golden Book 340.59 MAN CL-1478 04/17/2023 04/17/2023 Book      
          NUST Law School (NLS) NUST Law School (NLS) Law 04/17/2023 Golden Book 340.59 MAN CL-1479 04/17/2023 04/17/2023 Book      
          NUST Law School (NLS) NUST Law School (NLS) Central Superior Services 04/17/2023 Golden Book 340.59 MAN CL-1480 12/17/2024 04/17/2023 CSS Corner CSS Corner Book CSS Corner Book  
          NUST Law School (NLS) NUST Law School (NLS) Law 04/17/2023 Golden Book 340.59 MAN CL-1481 10/16/2023 04/17/2023 Book      
          NUST Law School (NLS) NUST Law School (NLS)   05/08/2025   340.59 MAN NLSD-57 05/08/2025 05/08/2025 Book      
© 2023 Central Library, National University of Sciences and Technology. All Rights Reserved.